书目信息 |
| 题名: |
高电压技术
|
|
| 作者: | 张一尘 主编 ;章建勋 , 屠志健 编写 | |
| 分册: | ||
| 出版信息: | 北京 中国电力出版社 2005.09 |
|
| 页数: | 238页 | |
| 开本: | 23cm | |
| 丛书名: | 21世纪高等学校规划教材 | |
| 单 册: | ||
| 中图分类: | TM8 | |
| 科图分类: | ||
| 主题词: | 高电压--gao dian ya--技术--高等学校--教材 | |
| 电子资源: | ||
| ISBN: | 7-5083-3358-6 | |
| 000 | 01182nam 2200277 450 | |
| 001 | 010239903024 | |
| 005 | 20051130161525.14 | |
| 010 | @a7-5083-3358-6@dCNY23.00 | |
| 100 | @a20051110d2005 km y0chiy0121 ea | |
| 101 | 0 | @achi |
| 102 | @aCN@b110000 | |
| 105 | @aa a 000yy | |
| 200 | 1 | @a高电压技术@Agao dian ya ji shu@f张一尘主编@Fzhang yi chen zhu bian@g章建勋, 屠志健编写@Gzhang jian xun,tu zhi jian bian xie |
| 210 | @a北京@c中国电力出版社@d2005.09 | |
| 215 | @a238页@c图@d23cm | |
| 225 | 2 | @a21世纪高等学校规划教材@A21 shi ji gao deng xue xiao gui hua jiao cai |
| 320 | @a有书目 (第238页)。 | |
| 330 | @a本书为21世纪高等学校规划教材。本书共分十一章,第一至四章主要讲授电气设备绝缘在高电压作用下的性能和有关的绝缘试验技术;第五至十章主要讲授过电压产生的物理过程及其防护措施;第十一章简单介绍电力系统配合的基本概念,对近年来高电压领域的新技术也有适当反映。 | |
| 410 | 0 | @12001 @a21世纪高等学校规划教材 |
| 606 | 0 | @a高电压@Agao dian ya@x技术@x高等学校@x教材 |
| 690 | @aTM8@v4 | |
| 701 | 0 | @a张一尘@Azhang yi chen@4主编 |
| 702 | 0 | @a章建勋@Azhang jian xun@4编写 |
| 702 | 0 | @a屠志健@Atu zhi jian@4编写 |
| 801 | 0 | @aCN@bQSSK@c20051130 |
| 905 | @a10447@dTM8@eZ230 | |
| 高电压技术/张一尘主编/章建勋, 屠志健编写.-北京:中国电力出版社,2005.09 |
| 238页:图;23cm.-(21世纪高等学校规划教材) |
| ISBN 7-5083-3358-6:CNY23.00 |
| 本书为21世纪高等学校规划教材。本书共分十一章,第一至四章主要讲授电气设备绝缘在高电压作用下的性能和有关的绝缘试验技术;第五至十章主要讲授过电压产生的物理过程及其防护措施;第十一章简单介绍电力系统配合的基本概念,对近年来高电压领域的新技术也有适当反映。 |
| ● |
| 相关链接 |
|
|
|
正题名:高电压技术
索取号:TM8/Z230
 
预约/预借
| 序号 | 登录号 | 条形码 | 馆藏地/架位号 | 状态 | 备注 |
| 1 | 577545 | 205775455 | 自科库301/301自科库 19排4列3层/ [索取号:TM8/Z230] | 在馆 | |
| 2 | 577546 | 205775464 | 自科库301/301自科库 19排4列3层/ [索取号:TM8/Z230] | 在馆 | |
| 3 | 577547 | 205775473 | 自科库301/301自科库 19排4列3层/ [索取号:TM8/Z230] | 在馆 |